000
00356nam a2200169Ia 4500
100
_a
Tokheim
650
_a
Digial Electronics
250
_a
6
942
_c
BK
366
_f
25
245
_a
Digital Electronics
260
_b
Tata Mc Graw hill Ltd.
_c
2003
082
_a
621.3185
_b
TOK
300
_a
518
546
_a
ENGLISH
_c
PAMPHALETS
999
_c
18381
_d
18381